Toàn cảnh thế giới VTV1 : Trung Đông miền đất nóng bỏng
Сохранить в:
| Соавтор: | |
|---|---|
| Формат: | CD |
| Язык: | Vietnamese |
| Опубликовано: |
H. :
Trung tâm Thông tin Khoa học Quân sự,
2009.
|
| Метки: |
Добавить метку
Нет меток, Требуется 1-ая метка записи!
|
| Thư viện lưu trữ: | Thư viện Trường Đại học Đà Lạt |
|---|
| LEADER | 00781nam a2200277 4500 | ||
|---|---|---|---|
| 001 | DLU090081817 | ||
| 005 | ##20090813 | ||
| 040 | # | # | |a DLU |b vie |
| 041 | # | # | |a vie |
| 044 | # | # | |a vn |
| 082 | # | # | |a 956 |b Toa |
| 245 | # | # | |a Toàn cảnh thế giới VTV1 : |b Trung Đông miền đất nóng bỏng |h [Đĩa CD-ROM] / |c Trung tâm Thông tin Khoa học Quân sự. |
| 256 | # | # | |a 4 3/4 in. |
| 260 | # | # | |a H. : |b Trung tâm Thông tin Khoa học Quân sự, |c 2009. |
| 300 | # | # | |a 1 đĩa CD-ROM ; |c 4 3/4 in. |
| 710 | # | # | |a Trung tâm Thông tin Khoa học Quân sự. |
| 923 | # | # | |a 9/2009 |
| 992 | # | # | |a 50000 |
| 994 | # | # | |a DLU |
| 900 | # | # | |a True |
| 911 | # | # | |a Nguyễn Thanh Hương |
| 925 | # | # | |a CD |
| 926 | # | # | |a A |
| 927 | # | # | |a CD |
| 980 | # | # | |a Thư viện Trường Đại học Đà Lạt |